000 00538nam a2200145Ia 4500
008 231129s1989||||xx |||||||||||||| ||spa||
020 _a958-95210-0-2
040 _bspa
082 _a808.81 D542p
100 _aDiaz Borbon Rafael
245 0 _aPoetas del mundo contemporaneo : Alemania Brasil Gran Bretana Hungria Italia Polonia Portugal Rumania Suecia Suiza Union Sovietica U.S.A. Yugoeslavia
260 _c1989
264 _aCentro de Estudios Poeticos Hispanicos
942 _2ddc
_cBKS
999 _c22988
_d22988